Латинська мова (Запис № 415282)

МАРК-запис
000 -Лідер
fixed length control field 01408nam a22002777a 4500
001 - Контрольний номер
control field 127984
003 - Ідентифікатор контрольного номера
control field UA-OsUOA
005 - Дата та час останнього входження (трансакції)
control field 20230504161351.0
007 - Фіксоване поле фізичного опису
fixed length control field ta
008 - Елементи даних фіксованої довжини – загальна інформація
fixed length control field 20171221b un ||||| |||| 00| 0 ukr d
020 ## - Міжнародний стандартний книжковий номер (ISBN)
Міжнародний стандартний книжковий номер (ISBN) (НП) 978-611-01-0241-4
040 ## - Джерело каталогізації
Агенція оригінальної каталогізації UA-OsUOA
Мова каталогізації ukr
Агенція, яка здійснювала перезапис UA-OsUOA
Агенція, яка здійснювала модифікацію UA-OsUOA
041 ## - Код мови
Код мови тексту/ звукової доріжки чи окремого заголовка (П) ukr
080 ## - Індекс Універсальної десяткової класифікації
Індекс Універсальної десяткової класифікації (УДК) (НП) 811.124:61
090 ## - Локальний шифр розміщення
Класифікаційний індекс УДК 811.124:61
Авторський знак (НП) С24
100 ## - Основне введення – ім’я особи
Ім’я особи (НП) Світлична Є. І.
245 ## - Відомості про назву
Назва (НП) Латинська мова
Решта назви (НП) підручник
260 ## - Публікація, розповсюдження і т.п. (Вихідні дані)
Місце публікації, розповсюдження і т.п. (П) К.
Ім’я/ наймення видавництва, розповсюджувача і т.п. (П) ЦУЛ
Дата публікації, розповсюдження і т.п. (П) 2017
300 ## - Фізичний опис
Обсяг 440 с.
520 ## - Резюме і т.п.
Резюме, реферат, анотація, тощо (НП) У підручнику' наведено відомості з фармацевтичної термінології, номенклатури лікар­ських засобів, хімічних, ботанічних, фармакогностичних номенклатур, номенклатури лі­карських форм. Розділи граматики латинської мови розглянуто в обсязі, достатньому для грамотного використання спеціальної термінології на практиці.
650 #7 - Додаткове предметне введення – тематичний термін
Тематичний термін чи географічна назва, як елемент введення (НП) 8 Мовознавство. Художня література. Літературознавство
Джерело заголовка чи терміна UDC
700 ## - Додаткове введення – ім'я особи
Ім’я особи (НП) Толок І. О.
942 ## - Додаткові елементи входу (Коха)
Тип елемента Koha Книги
Source of classification or shelving scheme Universal Decimal Classification
955 ## - Код типу видання за змістом
Код типу видання за змістом (НП) Навчальні видання
Фонди
Стан вилучень Стан втрат Джерело класифікації або схеми стелажів Стан уражень Не для кредиту Постійне місце розташування Поточне розміщення Дата придбання Джерело придбання Вартість, звичайна ціна покупки Інвентарний номер Усього замовленно Повний номер виклику Штрих-код Дата останнього перегляду Ціна ефективна від Тип елемента Koha Перевірено Дата останньої перевірки
    Universal Decimal Classification     ЧЗ - Читальна зала ЧЗ - Читальна зала 21/12/2017 58/2017 240.00 157775   811.124:61 С24 157775 07/02/2022 21/12/2017 Книги    
    Universal Decimal Classification     ЧЗ - Читальна зала ЧЗ - Читальна зала 21/12/2017 58/2017 240.00 157776   811.124:61 С24 157776 07/02/2022 21/12/2017 Книги    
    Universal Decimal Classification     ЧЗ - Читальна зала ЧЗ - Читальна зала 21/12/2017 58/2017 240.00 157777 1 811.124:61 С24 157777 29/07/2019 21/12/2017 Книги 27/10/2019 29/07/2019
    Universal Decimal Classification     ЧЗ - Читальна зала ЧЗ - Читальна зала 21/12/2017 58/2017 240.00 157778 1 811.124:61 С24 157778 03/04/2024 21/12/2017 Книги   29/07/2019
    Universal Decimal Classification     ЧЗ - Читальна зала ЧЗ - Читальна зала 21/12/2017 58/2017 240.00 157779 1 811.124:61 С24 157779 29/07/2019 21/12/2017 Книги 27/10/2019 29/07/2019